| 000 | 00809cam a22002533a 4500 | ||
|---|---|---|---|
| 001 | 12359 | ||
| 003 | PGUSA | ||
| 005 | 20140828083248.0 | ||
| 008 | 040501s2004||||xxu|||||s|||||000 | eng d | ||
| 040 |
_aPGUSA _beng |
||
| 042 | _adc | ||
| 050 | 4 | _aQH | |
| 100 | 1 |
_aFiske, John, _d1842-1901 |
|
| 245 | 1 | 4 |
_aThe Meaning of Infancy _h[electronic resource] / _cJohn Fiske |
| 260 |
_bProject Gutenberg, _c2004 |
||
| 505 | 0 | _aI. The meaning of infancy. From "Excursions of an evolutionist" -- II. The part played by infancy in the evolution of man. From "A century of science". | |
| 506 | _aPublic domain in the USA. | ||
| 516 | _aElectronic text | ||
| 653 | _aInfants | ||
| 653 | _aHuman evolution | ||
| 830 | 0 |
_aProject Gutenberg _v12359 |
|
| 856 | 4 | 0 | _uhttp://www.gutenberg.org/ebooks/12359 |
| 942 | _cEB | ||
| 999 |
_c241614 _d241614 |
||